Etudes sur l'état économique de la France pendant la première partie du Moyen-Age / (Record no. 156986)

MARC details
000 -LEADER
campo de control de longitud fija 00693nam a2200169 i 4500
001 - NÚMERO DE CONTROL
campo de control 156986
003 - IDENTIFICADOR DE NÚMERO DE CONTROL
campo de control ES-MaACL
005 - FECHA Y HORA DE LA ÚLTIMA TRANSACCIÓN
campo de control 20230906210541.0
008 - DATOS DE LONGITUD FIJA--INFORMACIÓN GENERAL
campo de control de longitud fija 011105s1889 fr |||| | fre d
100 1# - ENTRADA PRINCIPAL--NOMBRE DE PERSONA
Nombre de persona Lamprecht, Ch.
9 (RLIN) 128637
245 10 - MENCIÓN DEL TÍTULO
Título Etudes sur l'état économique de la France pendant la première partie du Moyen-Age /
Mención de responsabilidad, etc. par Ch. Lamprecht ; traduction de l'ouvrage allemand par A. Marignan.
260 ## - PUBLICACIÓN, DISTRIBUCIÓN, ETC.
Lugar de publicación, distribución, etc. Paris :
Nombre del editor, distribuidor, etc. Alphonse Picard :
-- Guillaumin et C., libraires,
Fecha de publicación, distribución, etc. 1889 (
Lugar de fabricación/manufactura Macon :
Fabricante Imp. Protat Frères)
300 ## - DESCRIPCIÓN FÍSICA
Extensión 316 p. ;
Dimensiones 24 cm.
651 #4 - PUNTO DE ACCESO ADICIONAL DE MATERIA--NOMBRE GEOGRÁFICO
Nombre geográfico Francia-
Subdivisión general Situación social-
Subdivisión cronológica S.V-XV.
9 (RLIN) 156504
700 1# - ENTRADA AGREGADA--NOMBRE PERSONAL
Nombre de persona Marignan, Albert.
9 (RLIN) 76723
852 ## - LOCALIZACIÓN
Ubicación ES-MaACL
Número de control de estantería F-8303
Nota libre - Enc. hol.
Holdings
Estatus retirado Estado de pérdida Estado de daño No para préstamo Colección Biblioteca de origen Biblioteca actual Ubicación en estantería Fecha de adquisición Fuente de adquisición Total de préstamos Signatura topográfica completa Código de barras Visto por última vez Precio de reemplazo Tipo de ítem Koha
        Libros del s. XIX Biblioteca del Ateneo de Madrid Biblioteca del Ateneo de Madrid Sala Pecera Planta 2 17/01/2008     F-8303 1164252 23/02/2023 23/02/2023 Libro impreso antiguo